000 00460nam a2200133Ia 4500
008 231129s2009||||xx |||||||||||||| ||spa||
020 _a978-958-719-324-4
040 _bspa
082 _a346.0482 P965
245 0 _aPropiedad intelectual en la era de los cultivos transgénicos / Alejandro Chaparro-Giraldo... /et al.
260 _c2009
264 _aUniversidad Nacional de Colombia: Facultad de Ciencias
942 _2ddc
_cBKS
999 _c23368
_d23368